|
|
|
|
| LEADER |
00000cam a2200000 7i4500 |
| 001 |
0000100511 |
| 005 |
20221206093000.0 |
| 008 |
211027S2021 my eng |
| 040 |
|
|
|a UniSZA
|e rda
|
| 050 |
0 |
0 |
|a GV697.A1
|b N37 2021
|
| 090 |
0 |
0 |
|a GV697.A1
|b N37 2021
|
| 100 |
0 |
|
|a Nasree Najmi ,
|e author
|
| 245 |
1 |
4 |
|a The development of Terengganu's male athlete capability index based on validation of fitness test pattern in talent identification program
|c Nasree Najmi
|
| 264 |
|
0 |
|c 2021
|
| 300 |
|
|
|a xvii, 208 leaves ;
|c 31 cm.
|
| 336 |
|
|
|a text
|2 rdacontent
|
| 337 |
|
|
|a unmediated
|2 rdamedia
|
| 338 |
|
|
|a volume
|2 rdacarrier
|
| 502 |
|
|
|a Thesis (Degree of Doctor of Philosophy) - Universiti Sultan Zainal Abidin, 2021
|
| 504 |
|
|
|a Includes bibliographical references (leaves 164-178)
|
| 505 |
0 |
|
|a 1. Introduction -- 2. Literatue review -- 3. Methodology -- 4. Result and discussion -- 5. Conclusion and recommendation
|
| 520 |
|
|
|a Studies on development athlete were frequently evaluated through the subjective
opinions of coaches and scouts that can lead to repeated errors and misjudgements when
they are used in isolation. Due to this, the data ets of development athletes can be very
large and often containing many variable ,as well as the standard univariate statistical
analy is techniques which are focused on the identification of single variables to
differentiate between performance levels. The objectives of the study are to; 1) identify
the most significant parameters based on anthropometric and physical fitness
parameters, 2) develop and verify the index based on anthropometric and physical
fitness parameters, 3) develop the model based on anthropometric and physical fitness
parameters u ing Machine learning. A total of 309 Terengganu male athletes (16.8 ±
2.3 years) were drawn randomly from individual port categories. Principal component
analysis (PCA) was used to identify the most essential performance variables,
developing an index of Terengganu Athletes Capabilities Index (TACI) with five
classification namely, Excellent Performance Athletes (EPA), Good Performance
Athletes (GPA), Moderate Performance Athletes (MPA), Low Performance Athletes
(LP A) and Poor Perf rmance Athletes (PP A). The discriminant analysis (DA) was
applied to validate the index group. he -Neare t Neighbour (k-NN), Tree, Support
Vector Machine (SVM), Random Forest, Artificial Neural Network (ANN), Naive
Bayes and Logistic Regression I arning algorithms were trained to predict and classify
the EPA, GP A, MP A, LP A and PP A. PCA indicates that out of nine performance
variables evaluated, only a set of six variables are essentials with 66.4% of total
variance. Most of the athletes were grouped on MPA classification C 0.1 %), followed
by LPA (28.5%), GPA (21%), PPA (15.8%) and EPA (4.5%) based on TACI. Finally,
ANN learning algorithm outperformed all the performance metrics of machine learning
with 0.88 classification accuracies, 0.87 F1 score for the model, and 0.88 precisions for
all the evaluated parameters. A strong sensitivity and specificity are observed between
the classification and the selected performance variables for the model. The study
revealed that the benefits of multivariate analysis and machine learning techniques
permit the researcher to identify Terengganu athletes accurately and holistically, hence
reducing the time, cost and manpower on the talent identification program. Importantly,
the identification of the potential Terengganu athletes through the holistically reliable
battery test with the help of machine learning technique revealed more useful insights
within the field of talent identification and science specifically.
|
| 610 |
0 |
0 |
|a Universiti Sultan Zainal Abidin
|x Faculty of Health Sciences
|v Dissertations
|
| 610 |
2 |
0 |
|a Universiti Sultan Zainal Abidin
|x Dissertations
|
| 650 |
|
0 |
|a Athletes
|
| 650 |
|
0 |
|a Dissertations, Academic
|
| 650 |
|
0 |
|a Physical fitness
|
| 650 |
|
0 |
|a Sports
|
| 710 |
2 |
|
|a Universiti Sultan Zainal Abidin .
|b Faculty of Health Sciences
|
| 999 |
|
|
|a 1000183006
|b Thesis
|c Reference
|e Gong Badak Campus
|